<?xml version="1.0" encoding="UTF-8"?>
<record
    xmlns:xsi="http://www.w3.org/2001/XMLSchema-instance"
    xsi:schemaLocation="http://www.loc.gov/MARC21/slim http://www.loc.gov/standards/marcxml/schema/MARC21slim.xsd"
    xmlns="http://www.loc.gov/MARC21/slim">

  <leader>02012nam a2200301 a 4500</leader>
  <controlfield tag="001">86314</controlfield>
  <controlfield tag="003">BD-RjUL</controlfield>
  <controlfield tag="005">20260405111827.0</controlfield>
  <controlfield tag="008">260405s2018    nyu      b    001 0 eng  </controlfield>
  <datafield tag="020" ind1=" " ind2=" ">
    <subfield code="a">9780393602951</subfield>
  </datafield>
  <datafield tag="035" ind1=" " ind2=" ">
    <subfield code="a">(BD-RjUL)86314</subfield>
  </datafield>
  <datafield tag="040" ind1=" " ind2=" ">
    <subfield code="a">DLC</subfield>
    <subfield code="c">DLC</subfield>
    <subfield code="d">YDX</subfield>
    <subfield code="d">BTCTA</subfield>
    <subfield code="d">BD-RjUL</subfield>
    <subfield code="b">eng</subfield>
  </datafield>
  <datafield tag="041" ind1=" " ind2=" ">
    <subfield code="a">eng</subfield>
  </datafield>
  <datafield tag="082" ind1="0" ind2="0">
    <subfield code="2">22</subfield>
    <subfield code="a">801.95</subfield>
    <subfield code="b">NOR 2018</subfield>
  </datafield>
  <datafield tag="245" ind1="0" ind2="4">
    <subfield code="a">The Norton anthology of theory and criticism /</subfield>
    <subfield code="c">Vincent B. Leitch, general editor.</subfield>
  </datafield>
  <datafield tag="250" ind1=" " ind2=" ">
    <subfield code="a">3rd ed.</subfield>
  </datafield>
  <datafield tag="260" ind1=" " ind2=" ">
    <subfield code="a">New York :</subfield>
    <subfield code="b">W. W. Norton &amp; Co.,</subfield>
    <subfield code="c">c2018.</subfield>
  </datafield>
  <datafield tag="300" ind1=" " ind2=" ">
    <subfield code="a">xliii, 2796 p. ;</subfield>
    <subfield code="c">25 cm.</subfield>
  </datafield>
  <datafield tag="336" ind1=" " ind2=" ">
    <subfield code="a">text</subfield>
    <subfield code="b">txt</subfield>
    <subfield code="2">rdacontent</subfield>
  </datafield>
  <datafield tag="337" ind1=" " ind2=" ">
    <subfield code="a">unmediated</subfield>
    <subfield code="b">n</subfield>
    <subfield code="2">rdamedia</subfield>
  </datafield>
  <datafield tag="338" ind1=" " ind2=" ">
    <subfield code="a">volume</subfield>
    <subfield code="b">nc</subfield>
    <subfield code="2">rdacarrier</subfield>
  </datafield>
  <datafield tag="504" ind1=" " ind2=" ">
    <subfield code="a">Includes bibliographical references and index.</subfield>
  </datafield>
  <datafield tag="520" ind1=" " ind2=" ">
    <subfield code="a">The Norton Anthology of Theory and Criticism presents a staggeringly varied collection of the most influential critical statements from the classical era to the present day. Edited by scholars and teachers whose interests range from the history of poetics to postmodernism, from classical rhetoric to eriture feminine, and from the social construction of gender to the machinery of academic superstardom, The Norton Anthology of Theory and Criticism promises to become the standard anthology in its field. The Norton Anthology of Theory and Criticism offers nearly twice the number of selections in other leading anthologies and more twentieth-century selections than any other text (including anthologies devoted solely to the twentieth century). Edited by scholars and teachers whose interests range from the history of poetics to postmodernism, from classical rhetoric to eriture feminine, and from the social construction of gender to the machinery of academic superstardom, The Norton Anthology of Theory and Criticism promises to become the standard anthology in its field.</subfield>
  </datafield>
  <datafield tag="650" ind1=" " ind2="0">
    <subfield code="a">Criticism.</subfield>
  </datafield>
  <datafield tag="650" ind1=" " ind2="0">
    <subfield code="a">Literature</subfield>
    <subfield code="x">History and criticism</subfield>
    <subfield code="x">Theory, etc.</subfield>
    <subfield code="9">18003</subfield>
  </datafield>
  <datafield tag="700" ind1="1" ind2=" ">
    <subfield code="a">Leitch, Vincent B.,</subfield>
    <subfield code="d">1944-</subfield>
    <subfield code="9">18004</subfield>
  </datafield>
  <datafield tag="942" ind1=" " ind2=" ">
    <subfield code="2">ddc</subfield>
    <subfield code="c">BK</subfield>
  </datafield>
  <datafield tag="999" ind1=" " ind2=" ">
    <subfield code="c">86314</subfield>
    <subfield code="d">86314</subfield>
  </datafield>
  <datafield tag="952" ind1=" " ind2=" ">
    <subfield code="0">0</subfield>
    <subfield code="1">0</subfield>
    <subfield code="2">ddc</subfield>
    <subfield code="4">0</subfield>
    <subfield code="7">1</subfield>
    <subfield code="8">NFIC</subfield>
    <subfield code="a">RUCL</subfield>
    <subfield code="b">RUCL</subfield>
    <subfield code="c">Reading</subfield>
    <subfield code="d">2026-04-05</subfield>
    <subfield code="e">Omni Concept, Dhaka</subfield>
    <subfield code="g">12880.00</subfield>
    <subfield code="l">0</subfield>
    <subfield code="o">801.95 NOR 2018</subfield>
    <subfield code="r">2026-04-05 00:00:00</subfield>
    <subfield code="t">C-1</subfield>
    <subfield code="w">2026-04-05</subfield>
    <subfield code="y">BK</subfield>
  </datafield>
  <datafield tag="952" ind1=" " ind2=" ">
    <subfield code="0">0</subfield>
    <subfield code="1">0</subfield>
    <subfield code="2">ddc</subfield>
    <subfield code="4">0</subfield>
    <subfield code="7">1</subfield>
    <subfield code="8">NFIC</subfield>
    <subfield code="a">RUCL</subfield>
    <subfield code="b">RUCL</subfield>
    <subfield code="c">Reading</subfield>
    <subfield code="d">2026-04-05</subfield>
    <subfield code="e">Omni Concept, Dhaka</subfield>
    <subfield code="g">12880.00</subfield>
    <subfield code="l">0</subfield>
    <subfield code="o">801.95 NOR 2018</subfield>
    <subfield code="r">2026-04-05 00:00:00</subfield>
    <subfield code="t">C-2</subfield>
    <subfield code="w">2026-04-05</subfield>
    <subfield code="y">BK</subfield>
  </datafield>
</record>
